Y el perro ladra y la luna enfria : (Record no. 12137)
[ view plain ]
| 000 -CABECERA | |
|---|---|
| campo de control de longitud fija | 01047nam a2200265 4500 |
| 003 - IDENTIFICADOR DEL NÚMERO DE CONTROL | |
| campo de control | MX-MxINE |
| 005 - FECHA Y HORA DE LA ÚLTIMA TRANSACCIÓN | |
| campo de control | 20260530113911.0 |
| 008 - DATOS DE LONGITUD FIJA--INFORMACIÓN GENERAL | |
| campo de control de longitud fija | 260501t1994 mx a|||| |||| 00| 0 spa d |
| 020 ## - NÚMERO INTERNACIONAL ESTÁNDAR DEL LIBRO | |
| Número Internacional Estándar del Libro | 968363558X |
| 040 ## - FUENTE DE LA CATALOGACIÓN | |
| Centro catalogador/agencia de origen | MX-MxINE |
| Lengua de catalogación | spa |
| Centro/agencia transcriptor | MX-MxINE |
| Normas de descripción | rda |
| 041 ## - CÓDIGO DE LENGUA | |
| Código de lengua del texto/banda sonora o título independiente | spa |
| 050 ## - SIGNATURA TOPOGRÁFICA DE LA BIBLIOTECA DEL CONGRESO | |
| Número de clasificación | NA2542.35 |
| Número de documento/Ítem | V45 |
| 100 ## - ENTRADA PRINCIPAL--NOMBRE DE PERSONA | |
| Nombre de persona | Véjar Pérez-Rubio, Carlos, |
| Fechas asociadas al nombre | 1943- |
| Término indicativo de función/relación | autor |
| 9 (RLIN) | 33427 |
| 245 ## - MENCIÓN DE TÍTULO | |
| Título | Y el perro ladra y la luna enfria : |
| Resto del título | Fernando Salinas : diseno, ambiente y esperanza / |
| Mención de responsabilidad, etc. | Carlos Vejar Perez-Rubio |
| 250 ## - MENCIÓN DE EDICIÓN | |
| Mención de edición | Primera edición |
| 264 ## - PRODUCCIÓN, PUBLICACIÓN, DISTRIBUCIÓN, FABRICACIÓN Y COPYRIGHT | |
| Producción, publicación, distribución, fabricación y copyright | México : |
| Nombre del de productor, editor, distribuidor, fabricante | UAM, Unidad Azcapotzalco, Division de Ciencias y Artes para el Diseno, |
| Fecha de producción, publicación, distribución, fabricación o copyright | 1994 |
| 300 ## - DESCRIPCIÓN FÍSICA | |
| Extensión | 312 páginas : |
| Otras características físicas | ilustraciones |
| 336 ## - TIPO DE CONTENIDO | |
| Fuente | rdacontent |
| Término de tipo de contenido | texto |
| 337 ## - TIPO DE MEDIO | |
| Fuente | rdamedia |
| Nombre/término del tipo de medio | sin medio |
| 338 ## - TIPO DE SOPORTE | |
| Fuente | rdacarrier |
| Nombre/término del tipo de soporte | volumen |
| 650 14 - PUNTO DE ACCESO ADICIONAL DE MATERIA--TÉRMINO DE MATERIA | |
| Término de materia o nombre geográfico como elemento de entrada | Arquitectura |
| Subdivisión general | Aspectos ambientales |
| 9 (RLIN) | 33428 |
| 650 14 - PUNTO DE ACCESO ADICIONAL DE MATERIA--TÉRMINO DE MATERIA | |
| Término de materia o nombre geográfico como elemento de entrada | Construcciones |
| Subdivisión general | Ingeniería ambiental |
| 9 (RLIN) | 33429 |
| 710 1# - PUNTO DE ACCESO ADICIONAL--NOMBRE DE ENTIDAD CORPORATIVA | |
| Nombre de entidad corporativa o nombre de jurisdicción como elemento de entrada | Universidad Autónoma Metropolitana. |
| Unidad subordinada | Unidad Azcapotzalco. |
| -- | División de Ciencias y Artes para el Diseño |
| 9 (RLIN) | 33430 |
| 942 ## - ELEMENTOS DE PUNTO DE ACCESO ADICIONAL (KOHA) | |
| Fuente del sistema de clasificación o colocación | Library of Congress Classification |
| Suprimir en OPAC | 1 |
| Tipo de ítem Koha | |
No items available.